Las fases del conflicto bélico en Guatemala (1961 - 1985) /

El documento consiste en una ponencia presentada en el VII Congreso Centroamericano de sociología, en Tegucigalpa, Honduras, en 1986. En el se presentan las fases del conflicto bélico en Guatemala, en los años 1961-1985, además es parte de un informe final, "Conflicto y paz", de la coordin...

Повний опис

Збережено в:
Бібліографічні деталі
Автор: Aguilera Peralta, Gabriel
Формат: Текст
Мова:Spanish
Опубліковано: San José: ICADIS 1986
Предмети:
Теги: Додати тег
Немає тегів, Будьте першим, хто поставить тег для цього запису!

MARC

LEADER 00000 a a2200000 04500
001 24738
003 cru CIDCACS/IIS
005 20230707091418.0
008 161027e1986 cr ||||| |||| 00| 0 spa d
040 |c CIDCACS/IIS 
090 |a 01.02.07 A283f 
100 |a Aguilera Peralta, Gabriel  
245 |a Las fases del conflicto bélico en Guatemala (1961 - 1985) /  |c Gabriel Aguilera Peralta 
260 |a San José:   |b ICADIS   |c 1986 
300 |a 19 p.  
520 |a El documento consiste en una ponencia presentada en el VII Congreso Centroamericano de sociología, en Tegucigalpa, Honduras, en 1986. En el se presentan las fases del conflicto bélico en Guatemala, en los años 1961-1985, además es parte de un informe final, "Conflicto y paz", de la coordinadora regional de investigaciones económicas y sociales, CRIES. 
650 0 |9 4728  |a CONFLICTOS 
650 0 |9 3691  |a POLITICA 
650 0 |9 9995  |a MILITARES 
651 0 |9 142  |a GUATEMALA 
942 |2 ddc  |c LI 
999 |c 16918  |d 16918